000 00353 a2200157 4500
001 69749
020 _a8586295132
040 _cAnchieta - Itaigara
100 _aGuedes, Hardy
240 1 0 _aO Negrinho do Pastoreio
_lpor
245 1 0 _aO Negrinho do Pastoreio
300 _a24
362 0 _a1998
650 4 _aLiteratura infanto-juvenil
942 _cBK
999 _c69749
_d69749